000
00335nam a2200145Ia 4500
008
230718s9999 xx 000 0 und d
041
_a
Eng.
082
_a
610
_b
PRI-A
100
_a
Pringle, Mike
245
2
_a
A Guide for New Princ
260
_a
Pakistan
_b
Exford univercy Run
_c
1956
300
_a
245
650
_a
Law
999
_c
26738
_d
26738